Group and team coaching : (Record no. 1293)
[ view plain ]
| 000 -LEADER | |
|---|---|
| fixed length control field | 00642nam a22001817a 4500 |
| 008 - FIXED-LENGTH DATA ELEMENTS--GENERAL INFORMATION | |
| fixed length control field | 160314b xxu||||| |||| 00| 0 eng d |
| 020 ## - INTERNATIONAL STANDARD BOOK NUMBER | |
| International Standard Book Number | 978-0-415-47228-9 (pbk.) |
| 082 ## - DEWEY DECIMAL CLASSIFICATION NUMBER | |
| Edition number | 2010 |
| Classification number | DC 158.35 |
| Item number | T39g |
| 100 ## - MAIN ENTRY--PERSONAL NAME | |
| 9 (RLIN) | 3783 |
| Personal name | Thornton, Christine. |
| 245 ## - TITLE STATEMENT | |
| Title | Group and team coaching : |
| Remainder of title | the essential guide/ |
| Statement of responsibility, etc. | Christine Thornton. |
| 260 ## - PUBLICATION, DISTRIBUTION, ETC. (IMPRINT) | |
| Place of publication, distribution, etc. | London : |
| Name of publisher, distributor, etc. | Routledge, |
| Date of publication, distribution, etc. | 2010. |
| 300 ## - PHYSICAL DESCRIPTION | |
| Extent | xii, 273 pages ; |
| Dimensions | 20 cm. |
| 440 ## - SERIES STATEMENT/ADDED ENTRY--TITLE | |
| 9 (RLIN) | 3786 |
| Title | Essential coaching skills and knowledge |
| 500 ## - GENERAL NOTE | |
| General note | Includes bibliographical references and index.<br/> |
| 650 #0 - SUBJECT ADDED ENTRY--TOPICAL TERM | |
| 9 (RLIN) | 3784 |
| Topical term or geographic name as entry element | Personal coaching. |
| 650 #0 - SUBJECT ADDED ENTRY--TOPICAL TERM | |
| 9 (RLIN) | 3785 |
| Topical term or geographic name as entry element | Teams in the workplace. |
| 942 ## - ADDED ENTRY ELEMENTS (KOHA) | |
| Source of classification or shelving scheme | Dewey Decimal Classification |
| Koha item type | Circulation |
| Withdrawn status | Lost status | Source of classification or shelving scheme | Damaged status | Not for loan | Collection code | Home library | Current library | Shelving location | Date acquired | Source of acquisition | Total Checkouts | Full call number | Barcode | Date last seen | Date last checked out | Copy number | Cost, replacement price | Price effective from | Koha item type |
|---|---|---|---|---|---|---|---|---|---|---|---|---|---|---|---|---|---|---|---|
| Dewey Decimal Classification | Circulation | UM Digos College - LIC | UM Digos College - LIC | Book Cart | 09/24/2010 | Purchased | 4 | DC 158.35 T39g 2010 | 20933 | 05/15/2025 | 09/04/2023 | 1 | 2333.00 | 03/14/2016 | Circulation |
